000 00746nam a22002057a 4500
008 090306t xxu||||| |||| 00| 0 eng d
010 _aENG-93119
020 _c75.00
_a9788190671101
035 _aEN-76652
037 _bDBAD / PUB
040 _adpl
_bEnglish
082 _a005.14
100 _aMalathi, A.
245 _aSoftware testing:
_cby A. Malathi
_ba practical approach /
260 _aCoimbatore
_bRainbow Publications
_c2008
300 _a147p.
_c20cm (pbk)
650 _aComputer software
_xTesting.
942 _2ddc
_cEN
_mMAL
_h005.14
999 _c24959
_d24959